| 000 | 00570nam a2200157Ia 4500 | ||
|---|---|---|---|
| 008 | 150610s9999 xx 000 0 und d | ||
| 020 | _a7129726 | ||
| 050 |
_aPN 1997.2 _b .T649 1967 pt.3 |
||
| 100 | _aTolkien, John Ronald Reuel, 1892-1973 | ||
| 245 | 4 |
_aThe return of the king : _bbeing the third part of the lord of the rings / _cJ.R.R. Tolkien. |
|
| 260 |
_aGreat Britain : _bHarper Collins, _c1967. |
||
| 300 |
_a1137pages ; _c20 cm. |
||
| 440 |
_aThe Lord of the rings ; pt.3 _vv.3 |
||
| 504 | _aIncludes index. | ||
| 650 |
_aMiddle earth (Imaginary place) _xFiction. |
||
| 999 |
_c287836 _d287836 |
||